[Event "FRA-ch Blitz Online Qual"]
[Site "Europe Echecs INT"]
[Date "2020.05.16"]
[Round "13"]
[White "Durand Le Ludec, Brendan Bubok"]
[Black "Hasseine, Madiane"]
[Result "0-1"]
[WhiteElo "2205"]
[BlackElo "2157"]
[PlyCount "94"]
[EventDate "2020.05.16"]
[EventType "swiss (blitz)"]
[EventRounds "15"]
[EventCountry "FRA"]
[SourceTitle "CBM 196 Extra"]
[Source "ChessBase"]
[SourceDate "2020.07.31"]
[SourceVersion "1"]
[SourceVersionDate "2020.07.31"]
[SourceQuality "1"]

1. e4 c5 2. Nf3 Nc6 3. d4 cxd4 4. Nxd4 e5 5. Nb5 d6 6. c4 Be7 7. Be2 Nf6 8. 0-0 0-0 9. N1c3 a6 10. Na3 Be6 11. Be3 Nd7 12. Nd5 Nc5 13. f3 Bg5 14. Bf2 a5 15. Nb5 Kh8 16. b3 f5 17. exf5 Bxf5 18. Ne3 Bd7 19. Qxd6 Rf6 20. Qxc5 Rg6 21. Rad1 Be7 22. Nd6 Qf8 23. Nd5 Bxd6 24. Qb6 Nd4 25. Rfe1 Nxe2+ 26. Rxe2 Qxf3 27. Bg3 Qxe2 28. Re1 Qd2 29. Qxb7 Rf8 30. Qxd7 Rxg3 31. hxg3 Qxe1+ 32. Kh2 Bc5 33. Ne7 Qg1+ 34. Kh3 Bxe7 35. Qxe7 Qh1+ 36. Kg4 Qf1 37. Qxe5 Qf6 38. Qc5 Qe6+ 39. Kh4 Qh6+ 40. Kg4 Qf6 41. a4 Re8 42. Kh3 Qh6+ 43. Kg4 Qe6+ 44. Kf3 Qe2+ 45. Kf4 h6 46. g4 Qe7 47. Kf3 Qxc5 0-1

[Event "FRA-ch Blitz Online Qual"]
[Site "Europe Echecs INT"]
[Date "2020.05.16"]
[Round "6"]
[White "Hasseine, Madiane"]
[Black "Devallee, Jeremie"]
[Result "0-1"]
[WhiteElo "2157"]
[BlackElo "2230"]
[PlyCount "94"]
[EventDate "2020.05.16"]
[EventType "swiss (blitz)"]
[EventRounds "15"]
[EventCountry "FRA"]
[SourceTitle "CBM 196 Extra"]
[Source "ChessBase"]
[SourceDate "2020.07.31"]
[SourceVersion "1"]
[SourceVersionDate "2020.07.31"]
[SourceQuality "1"]

1. d4 Nf6 2. Nf3 c5 3. d5 e6 4. c4 exd5 5. cxd5 d6 6. Nc3 g6 7. Bf4 Bg7 8. Qa4+ Bd7 9. Qb3 Qc7 10. e4 Nh5 11. Be3 a6 12. a4 0-0 13. Nd2 f5 14. exf5 Bxf5 15. Be2 Nf6 16. 0-0 Nbd7 17. Nc4 Rae8 18. Bf4 Ne5 19. Bxe5 dxe5 20. Rad1 Qf7 21. Ne3 Kh8 22. Bc4 e4 23. Qb6 Nd7 24. Qxb7 Rb8 25. Qc7 Rfc8 26. Qf4 Be5 27. Qh6 Rxb2 28. d6 Qg7 29. Qxg7+ Kxg7 30. Ncd5 Bd4 31. Ne7 Rf8 32. N3xf5+ gxf5 33. Be6 Ne5 34. Nxf5+ Kf6 35. Nxd4 cxd4 36. Bh3 d3 37. Rfe1 Rb4 38. Re3 Rd8 39. d7 Nxd7 40. f3 Nc5 41. fxe4 d2 42. e5+ Ke7 43. Re2 Rbd4 44. Kf2 Nd3+ 45. Ke3 Nb2 46. Rdxd2 Nc4+ 47. Kf2 Rxd2 0-1

[Event "FRA-ch Blitz Online Qual"]
[Site "Europe Echecs INT"]
[Date "2020.05.16"]
[Round "10"]
[White "Hasseine, Madiane"]
[Black "Kovacs, Klara"]
[Result "1-0"]
[WhiteElo "2157"]
[BlackElo "2154"]
[PlyCount "147"]
[EventDate "2020.05.16"]
[EventType "swiss (blitz)"]
[EventRounds "15"]
[EventCountry "FRA"]
[SourceTitle "CBM 196 Extra"]
[Source "ChessBase"]
[SourceDate "2020.07.31"]
[SourceVersion "1"]
[SourceVersionDate "2020.07.31"]
[SourceQuality "1"]

1. d4 e6 2. c4 Nf6 3. Nc3 d5 4. cxd5 exd5 5. Bg5 c6 6. e3 Bf5 7. Qf3 Bg6 8. Bxf6 Qxf6 9. Qxf6 gxf6 10. Nf3 Nd7 11. Nh4 Bb4 12. g3 Nb6 13. a3 Bxc3+ 14. bxc3 Na4 15. Rc1 Ke7 16. Kd2 Kd6 17. c4 dxc4 18. Bxc4 Nb6 19. Bb3 Rhe8 20. Rhe1 Rad8 21. Ng2 Be4 22. Nf4 Re7 23. Ke2 Kc7 24. f3 Bf5 25. Kf2 Kb8 26. e4 Bc8 27. Rcd1 f5 28. e5 Be6 29. Bc2 Nc4 30. a4 Nb2 31. Rb1 Nc4 32. Red1 Red7 33. Ne2 Na3 34. Rb2 c5 35. Rd3 Nc4 36. Rb1 cxd4 37. Rbd1 Nxe5 38. Rxd4 Rxd4 39. Rxd4 Rc8 40. Bd1 Rc3 41. Nf4 Ra3 42. h4 b6 43. Rd8+ Kc7 44. Rh8 Ra2+ 45. Kg1 Rd2 46. Be2 a5 47. Rxh7 Kd6 48. h5 Bc4 49. Bxc4 Nxc4 50. Rxf7 Kc5 51. Rxf5+ Kb4 52. h6 Ne3 53. Rb5+ Kxa4 54. Rxb6 Nf5 55. g4 Ne7 56. h7 Rd8 57. Rh6 Rh8 58. g5 Nf5 59. Rh2 Kb5 60. g6 a4 61. Ne6 a3 62. g7 Nxg7 63. Nxg7 Kb4 64. Ne6 Kb3 65. Nd4+ Kc3 66. Nb5+ Kb4 67. Nxa3 Kxa3 68. Kf2 Kb4 69. Ke3 Kc5 70. Rh6 Kd5 71. Kf4 Rf8+ 72. Kg5 Ke5 73. h8Q+ Rxh8 74. Rxh8 1-0

[Event "Murmansk ChessMates 4th"]
[Site "Murmansk"]
[Date "2020.03.14"]
[Round "3.2"]
[White "Hasseine, Madiane"]
[Black "Mamoshin, Oleg"]
[Result "1-0"]
[WhiteElo "2163"]
[BlackElo "1648"]
[PlyCount "65"]
[EventDate "2020.03.13"]
[EventType "team-tourn"]
[EventRounds "5"]
[EventCountry "RUS"]
[SourceTitle "CBM 195 Extra"]
[Source "ChessBase"]
[SourceDate "2020.05.31"]
[SourceVersion "1"]
[SourceVersionDate "2020.05.31"]
[SourceQuality "1"]
[WhiteTeam "Ile de France Youth"]
[BlackTeam "Novorossiysk"]
[WhiteTeamCountry "FRA"]
[BlackTeamCountry "RUS"]

1. e4 c5 2. Nf3 Nc6 3. Bb5 e6 4. 0-0 Qc7 5. Re1 a6 6. Bf1 Nge7 7. a4 d5 8. Na3 Rb8 9. d4 cxd4 10. Nxd4 Nxd4 11. Qxd4 e5 12. Qe3 d4 13. Qg3 Ng6 14. Bd2 Be6 15. c3 dxc3 16. Bxc3 Bd6 17. Rac1 Qe7 18. Nc4 f6 19. Nxd6+ Qxd6 20. Red1 Qe7 21. Qe3 0-0 22. Qb6 Rbc8 23. Bb4 Qf7 24. Bxf8 Nxf8 25. Rxc8 Bxc8 26. Rd8 Bd7 27. Qxb7 Bxa4 28. Qxf7+ Kxf7 29. Bxa6 Bb3 30. Rb8 Bc2 31. Bc4+ Ke7 32. Rb7+ Kd6 33. f3 1-0

[Event "Murmansk ChessMates 4th"]
[Site "Murmansk"]
[Date "2020.03.13"]
[Round "1.1"]
[White "Nikitin, Arseni1111"]
[Black "Hasseine, Madiane"]
[Result "0-1"]
[WhiteElo "1680"]
[BlackElo "2163"]
[PlyCount "66"]
[EventDate "2020.03.13"]
[EventType "team-tourn"]
[EventRounds "5"]
[EventCountry "RUS"]
[SourceTitle "CBM 195 Extra"]
[Source "ChessBase"]
[SourceDate "2020.05.31"]
[SourceVersion "1"]
[SourceVersionDate "2020.05.31"]
[SourceQuality "1"]
[WhiteTeam "Estonia Maletaht"]
[BlackTeam "Ile de France Youth"]
[WhiteTeamCountry "EST"]
[BlackTeamCountry "FRA"]

1. e4 c5 2. Nf3 Nc6 3. d4 cxd4 4. Nxd4 e5 5. Nb5 d6 6. N1c3 a6 7. Na3 b5 8. Nd5 Nge7 9. Be3 Nxd5 10. exd5 Ne7 11. Qd2 Nf5 12. c3 Nxe3 13. Qxe3 Be7 14. f4 exf4 15. Qxf4 0-0 16. h4 Bf6 17. 0-0-0 Be5 18. Qf3 Bd7 19. Kb1 Qb6 20. Bd3 Rac8 21. Rc1 a5 22. Bf5 Bxf5+ 23. Qxf5 b4 24. cxb4 Qxb4 25. Rc2 Rc5 26. Qd3 Rfc8 27. Qb3 Qe4 28. Rd1 a4 29. Qf3 Qb4 30. Re2 Rb8 31. Rdd2 Rc3 32. Rd3 Qxa3 33. Rxc3 Qxc3 0-1

[Event "Robinson Cup U14"]
[Site "Dundalk"]
[Date "2019.07.23"]
[Round "4.9"]
[White "Hasseine, Madiane"]
[Black "Yoon, Jacob D"]
[Result "1/2-1/2"]
[WhiteElo "1971"]
[BlackElo "1963"]
[PlyCount "54"]
[EventDate "2019.07.22"]
[EventType "team-tourn"]
[EventRounds "5"]
[EventCountry "IRL"]
[SourceTitle "EXT 2022"]
[Source "ChessBase"]
[SourceDate "2021.10.06"]
[SourceVersion "1"]
[SourceVersionDate "2021.10.06"]
[SourceQuality "1"]
[WhiteTeam "France (U14)"]
[BlackTeam "England (U14)"]
[WhiteTeamCountry "FRA"]
[BlackTeamCountry "ENG"]

1. e4 c6 2. d3 d5 3. Nd2 e5 4. Ngf3 Bd6 5. g3 f5 6. Bg2 Nf6 7. 0-0 0-0 8. Re1 Qc7 9. Qe2 fxe4 10. dxe4 Nbd7 11. b3 b6 12. exd5 cxd5 13. c4 Bb7 14. Bb2 Rae8 15. cxd5 Bxd5 16. Ng5 Bxg2 17. Kxg2 Qb7+ 18. Nge4 Bc5 19. Kg1 Bb4 20. Qc4+ Nd5 21. a3 b5 22. Qd3 Nc5 23. Nxc5 Bxc5 24. Ne4 Bb6 25. Rad1 Nf6 26. Nxf6+ Rxf6 27. Re2 Ref8 1/2-1/2